Catálogo

The american heritage songbook / (Registro nro. 37996)

Detalles MARC
000 -LEADER
fixed length control field 01412cam a2200337 i 4500
001 - CONTROL NUMBER
control field 37996
003 - CONTROL NUMBER IDENTIFIER
control field Mx-PuUPA
005 - DATE AND TIME OF LATEST TRANSACTION
control field 20221117134045.0
008 - FIXED-LENGTH DATA ELEMENTS--GENERAL INFORMATION
fixed length control field 140415d1969 nyua gr 000 0 eng d
040 ## - CATALOGING SOURCE
Original cataloging agency Mx-PuUPA
Language of cataloging spa
Transcribing agency Mx-PuUPA
Modifying agency Mx-PuUPA
Description conventions rda
041 0# - LANGUAGE CODE
Language code of text/sound track or separate title eng
245 04 - TITLE STATEMENT
Title The american heritage songbook /
Statement of responsibility, etc. by the editors of American Heritage ; songs compiled and arranged by Ruth and Norman Lloyd ; editor in charge, Kenneth W. Leish ; managing editor, Charles W. Folds
264 #1 - PRODUCTION, PUBLICATION, DISTRIBUTION, MANUFACTURE, AND COPYRIGHT NOTICE
Place of production, publication, distribution, manufacture New York :
Name of producer, publisher, distributor, manufacturer American Heritage Publishing,
Date of production, publication, distribution, manufacture, or copyright notice ©1969
300 ## - PHYSICAL DESCRIPTION
Extent 223 páginas :
Other physical details ilustraciones ;
Dimensions 25 cm
336 ## - CONTENT TYPE
Fuente rdacontent
Content type term texto
Content type code txt
336 ## - CONTENT TYPE
Fuente rdacontent
Content type term música notada
Content type code ntm
337 ## - MEDIA TYPE
Source rdamedia
Media type term sin medio
Media type code n
338 ## - CARRIER TYPE
Source rdacarrier
Carrier type term volumen
Carrier type code nc
650 #7 - SUBJECT ADDED ENTRY--TOPICAL TERM
Source of heading or term armarc
Topical term or geographic name entry element Canciones
General subdivision Inglés
Geographic subdivision Estados Unidos
General subdivision Historia y critica
650 #7 - SUBJECT ADDED ENTRY--TOPICAL TERM
Source of heading or term armarc
Topical term or geographic name entry element Canciones folclóricas
General subdivision Inglés
Geographic subdivision Estados Unidos
General subdivision Historia y critica
650 #7 - SUBJECT ADDED ENTRY--TOPICAL TERM
Source of heading or term armarc
Topical term or geographic name entry element Himnos nacionales
Geographic subdivision Estados Unidos
650 #7 - SUBJECT ADDED ENTRY--TOPICAL TERM
Source of heading or term armarc
Topical term or geographic name entry element Espirituales (Canciones)
Geographic subdivision Estados Unidos
700 1# - ADDED ENTRY--PERSONAL NAME
Personal name Lloyd, Ruth,
Relator term compilador
-- arreglista
700 1# - ADDED ENTRY--PERSONAL NAME
Personal name Lloyd, Norman,
Relator term compilador
-- arreglista
700 1# - ADDED ENTRY--PERSONAL NAME
Personal name Leish, Kenneth W.,
Relator term editor
700 1# - ADDED ENTRY--PERSONAL NAME
Personal name Folds, Charles W.
Relator term editor
710 2# - ADDED ENTRY--CORPORATE NAME
Corporate name or jurisdiction name as entry element American Heritage,
Relator term editor
942 ## - ADDED ENTRY ELEMENTS (KOHA)
Source of classification or shelving scheme Dewey Decimal Classification
Koha item type Libro
Classification part 398.35780973
Item part A498
Existencias
Withdrawn status Lost status Source of classification or shelving scheme Damaged status Not for loan Collection code Home library Current library Shelving location Date acquired Source of acquisition Total Checkouts Full call number Barcode Date last seen Price effective from Koha item type
    Dewey Decimal Classification     Referencia Biblioteca Karol Wojtyla Biblioteca Karol Wojtyla Área de silencio 03/12/2013 Compra   398.35780973 A498 1969 5706 05/01/2026 03/12/2013 Folio